| 000 | 00930nam a22002177a 4500 | ||
|---|---|---|---|
| 999 |
_c5727 _d5727 |
||
| 003 | AR-CdUCM | ||
| 008 | 190313b ||||| |||| 00| 0 spa d | ||
| 040 |
_aMUNICIPALIDAD PROVINCIAL DEL CUSCO _cBIBLIOTECA MUNICIPAL DEL CUSCO |
||
| 082 |
_a342.6185 / _bC71 |
||
| 110 |
_aIlustre colegio de abogados de la libertad _917051 |
||
| 245 | _aEl foro liberteño y la defensa de las 200 millas del mar territorial / | ||
| 260 |
_aTrujillo : _bMoreno, _c1972. |
||
| 300 |
_a68 paginas ; _c21 cm. |
||
| 500 | _aDonación de la familia Nieto | ||
| 505 | _aContenido : Aspectos básicos de la doctrina peruana sobre el mar territorial -- Fundamento jurídicos de la soberanía marítima del Perú -- Régimen jurídico de los fondos marinos extrajurisdiccionales ... | ||
| 650 |
_aDerecho marítimo del Perú _917052 |
||
| 650 |
_aHistoria marítima _917053 |
||
| 650 |
_aHistoria del Perú _9259 |
||
| 942 |
_2ddc _cLIBROS |
||
| 945 | _arah | ||